000
00221nam a2200097 a 4500
005
20201002052703.0
008
150702s2004 000 spa d
245
0
_a
Puntillazos.
260
_a
s. l.,
_c
s. f.
999
_c
45664
_d
45664
040
_a
DO-SdBNP